000 00876nam a2200229Ii 4500
003 JO-AjNU
008 230605s9999||||xx |||||||||||||| ||und||
017 _a2013/41345
020 _a978-9957-33-342-3
040 _aJO-AjNU
_bara
_erda
_cJO-AjNU
041 _aara
050 1 4 _aNA3752.5.B584.2014
100 3 _aتاليف بظاظو, إبراهيم، م.مشارك احمد العمايرة ، م.مشارك امجد عوض ,
_eauthor
_951343
245 0 0 _aصيانة وحماية الفسيفساء :دراسة في السياحة المستدامة
250 _aط1
264 3 1 _aعمان:مؤسسة الوراق للنشروالتوزيع,2014
300 _a409ص
336 _atext
_btxt
_2rdacontent
337 _aunmediated
_bn
_2rdamedia
338 _avolume
_bnc
_2rdacarrier
650 4 _aالفسيفساء-الفنون الزخرفية-الآثار
_951344
999 _aA22672
_c26240
_d26240